[Event "SR 3. liga A2 2011/2012"]
[Site "?"]
[Date "2012.01.22"]
[Round "7.4"]
[White "Erdos, Boglarka"]
[Black "Berczes, Csaba"]
[Result "1/2-1/2"]
[WhiteElo "2208"]
[BlackElo "2397"]
[PlyCount "69"]
[EventDate "2011.??.??"]

1. e4 d6 2. Nf3 Nf6 3. Nc3 e5 4. d4 Nbd7 5. g4 exd4 6. Nxd4 h6 7. g5 hxg5 8.
Bxg5 Nc5 9. Qe2 c6 10. O-O-O Qc7 11. h4 Be7 12. Bh3 Bxh3 13. Rxh3 O-O-O 14. Nf5
Ne6 15. Be3 Kb8 16. f3 Nh5 17. Qf2 b6 18. Ne2 Qb7 19. Nxe7 Qxe7 20. Rhh1 Rhe8
21. Rd3 d5 22. exd5 cxd5 23. Rhd1 Nc5 24. Ra3 Nf6 25. Nd4 Qd7 26. Bg5 Ne6 27.
Nb3 Qc7 28. Be3 Rc8 29. Rd2 Qc6 30. Qf1 Ka8 31. Qa6 Qb7 32. Qd3 Qc6 33. Qa6 Qb7
34. Qd3 Qc6 35. Qa6 1/2-1/2

[Event "SR 3. liga A2 2011/2012"]
[Site "?"]
[Date "2012.01.22"]
[Round "7.4"]
[White "Janko, Michal"]
[Black "Darazs, Zoltan"]
[Result "1-0"]
[WhiteElo "2271"]
[BlackElo "2127"]
[PlyCount "45"]
[EventDate "2011.??.??"]

1. d4 Nf6 2. c4 g6 3. f3 e5 4. dxe5 Nh5 5. Nh3 Bb4+ 6. Bd2 Qh4+ 7. g3 Qxc4 8.
Nc3 O-O 9. e4 Qd4 10. g4 Qxe5 11. gxh5 Qxh5 12. Nd5 Qh4+ 13. Nf2 Bc5 14. Qe2
Na6 15. Bc3 f5 16. e5 d6 17. Nf6+ Kf7 18. Qc4+ Qxc4 19. Bxc4+ Kg7 20. Nd3 dxe5
21. Bxe5 Rxf6 22. Bxf6+ Kxf6 23. Bxa6 1-0

[Event "SR 3. liga A2 2011/2012"]
[Site "?"]
[Date "2012.01.22"]
[Round "7.4"]
[White "Meszaros, Lorant"]
[Black "Janko, Ladislav"]
[Result "1/2-1/2"]
[WhiteElo "2053"]
[BlackElo "2229"]
[PlyCount "67"]
[EventDate "2011.??.??"]

1. d4 g6 2. c4 Bg7 3. g3 Nc6 4. Nf3 d6 5. d5 Ne5 6. Nxe5 Bxe5 7. Bg2 Bg7 8. O-O
Bd7 9. h3 c6 10. Nc3 Nf6 11. Qb3 cxd5 12. cxd5 b5 13. e4 Rb8 14. Be3 a6 15. Ne2
O-O 16. Nd4 Qa5 17. Rac1 Rfc8 18. Nc6 Bxc6 19. Rxc6 Nd7 20. Rfc1 Nc5 21. Rxc8+
Rxc8 22. Qc2 Rc7 23. Qb1 b4 24. Bd2 Qb6 25. Rc4 a5 26. Qc2 Na6 27. Be3 Rxc4 28.
Qxc4 Nc5 29. b3 Bf6 30. Bf1 Kg7 31. Bxc5 Qxc5 32. Qxc5 dxc5 33. f4 Bd4+ 34. Kg2
1/2-1/2

[Event "SR 3. liga A2 2011/2012"]
[Site "?"]
[Date "2012.01.22"]
[Round "7.4"]
[White "Kantor, Reka"]
[Black "Kalmar, Tamas"]
[Result "0-1"]
[WhiteElo "1962"]
[BlackElo "1842"]
[PlyCount "76"]
[EventDate "2011.??.??"]

1. e4 e6 2. d4 d5 3. e5 c5 4. c3 Nc6 5. Nf3 Qb6 6. a3 c4 7. g3 Bd7 8. Nbd2 f6
9. Bh3 O-O-O 10. O-O fxe5 11. dxe5 Be7 12. Qe2 h5 13. Bg2 h4 14. Nb1 hxg3 15.
hxg3 Nh6 16. Bg5 Nf5 17. Be3 Bc5 18. Bxc5 Qxc5 19. Re1 Nxg3 20. Qe3 Qxe3 21.
Rxe3 Nf5 22. Re1 Nh4 23. Nxh4 Rxh4 24. Nd2 Rf8 25. Re3 Rhf4 26. Rf1 Be8 27. Nf3
Kd7 28. Ng5 Bg6 29. Nh3 Rh4 30. Rfe1 Bf5 31. Ng5 Ke7 32. Rg3 Rg4 33. Rxg4 Bxg4
34. Bh3 Bxh3 35. Nxh3 g5 36. Re3 g4 37. Ng5 Rf5 38. f4 Rxf4 0-1

[Event "SR 3. liga A2 2011/2012"]
[Site "?"]
[Date "2012.01.22"]
[Round "7.4"]
[White "Szekely, Stefan"]
[Black "Dvorsky, Jozef"]
[Result "0-1"]
[WhiteElo "1931"]
[BlackElo "2031"]
[PlyCount "78"]
[EventDate "2011.??.??"]

1. c4 e5 2. Nc3 f5 3. d3 Nf6 4. Nf3 d6 5. g3 c6 6. Bg2 g6 7. O-O Bg7 8. c5 e4
9. dxe4 fxe4 10. Ng5 d5 11. Be3 Qe7 12. Nh3 Na6 13. Rc1 Nc7 14. Bf4 Bf5 15. Kh1
Qd7 16. Ng1 O-O 17. e3 Ne6 18. Bd6 Rf7 19. Nge2 Qe8 20. Qd2 Nd7 21. b4 Be5 22.
Bxe5 Nxe5 23. f3 Rd8 24. fxe4 dxe4 25. Qc2 Ng4 26. Nd1 Ng5 27. Nd4 Nf3 28. Bxf3
exf3 29. Qb3 Be4 30. Kg1 Bd5 31. Qc3 Qe4 32. Nf2 Qxe3 33. Qb2 Be4 34. Ne6 Rd2
35. Rce1 Rxb2 36. Rxe3 Nxe3 37. Re1 Ng2 38. Rd1 Rb1 39. Ng5 Re7 0-1

[Event "SR 3. liga A2 2011/2012"]
[Site "?"]
[Date "2012.01.22"]
[Round "7.4"]
[White "Puobis, Jozef"]
[Black "Vegh, Vince"]
[Result "1/2-1/2"]
[WhiteElo "1953"]
[BlackElo "1923"]
[PlyCount "139"]
[EventDate "2011.??.??"]

1. e4 c5 2. d4 cxd4 3. Qxd4 Nc6 4. Qd3 Nf6 5. Nc3 e6 6. Nf3 d6 7. Bg5 Be7 8.
O-O-O O-O 9. Bxf6 Bxf6 10. Qxd6 Bxc3 11. bxc3 Qa5 12. Qd3 e5 13. Qb5 Qxc3 14.
Bc4 Bg4 15. Rd3 Qa1+ 16. Qb1 Qxb1+ 17. Kxb1 Bxf3 18. Rxf3 Rac8 19. Bb3 Nd4 20.
Rd3 Rc7 21. Rd2 a5 22. Kb2 b5 23. c3 Nc6 24. Rhd1 b4 25. cxb4 axb4 26. Rd7 Rcc8
27. Rc1 h6 28. Bd5 Nd4 29. Rxc8 Rxc8 30. Bxf7+ Kf8 31. Bb3 g5 32. Rf7+ Ke8 33.
Rb7 Rc3 34. Rxb4 Rd3 35. Kc1 Kd7 36. Bd1 Kd6 37. Rb2 Kc5 38. Rd2 Kc4 39. Be2
Nxe2+ 40. Rxe2 g4 41. Rb2 h5 42. Kc2 Rd8 43. a3 Rf8 44. Kd1 Kd3 45. Re2 Ra8 46.
Re3+ Kd4 47. g3 Rb8 48. Kc2 Rc8+ 49. Kb2 Rb8+ 50. Rb3 Rf8 51. Rb4+ Kc5 52. Ka2
Rxf2+ 53. Rb2 Rf6 54. a4 Kd4 55. Re2 Kd3 56. Re1 Kc3 57. Re2 Kb4 58. Kb1 Kxa4
59. Rb2 Rf1+ 60. Ka2 Re1 61. h3 Rxe4 62. hxg4 hxg4 63. Rb8 Re3 64. Kb2 Rxg3 65.
Kc2 Rf3 66. Kd2 Rb3 67. Re8 Rb4 68. Rxe5 g3 69. Rg5 g2 70. Ke3 1/2-1/2

[Event "SR 3. liga A2 2011/2012"]
[Site "?"]
[Date "2012.01.22"]
[Round "7.4"]
[White "Both, Lajos"]
[Black "Kosar, Mikulas ml"]
[Result "0-1"]
[WhiteElo "1822"]
[BlackElo "1900"]
[PlyCount "114"]
[EventDate "2011.??.??"]

1. Nf3 d5 2. b3 Bf5 3. Bb2 e6 4. g3 Nf6 5. Nh4 Bg6 6. Nxg6 hxg6 7. e3 Nc6 8. d4
Ne7 9. Nd2 Nf5 10. c4 c6 11. cxd5 exd5 12. a3 Bd6 13. Bg2 Qe7 14. Qe2 O-O-O 15.
b4 Rde8 16. O-O-O a5 17. bxa5 Bxa3 18. Nb3 Bxb2+ 19. Qxb2 Nd6 20. Nc5 Nc4 21.
Qb4 Qc7 22. a6 b5 23. h4 Qa5 24. Qxa5 Nxa5 25. Kc2 Kc7 26. Ra1 Nc4 27. Rhe1 Ne4
28. Nxe4 dxe4 29. Bf1 Nb6 30. Kb3 Ra8 31. Rec1 Kd6 32. Rc2 Rhc8 33. Bg2 f5 34.
f3 Nc4 35. Re2 exf3 36. Bxf3 Re8 37. Bg2 Ra7 38. Kc3 Rxe3+ 39. Rxe3 Nxe3 40.
Bf3 Nc4 41. Ra2 Kc7 42. Kb4 Kb6 43. Be2 Nd6 44. Bf3 Nc4 45. Be2 Ne3 46. Bd3
Nd5+ 47. Kb3 Rxa6 48. Re2 Ra4 49. Re6 Rxd4 50. Bb1 Rg4 51. h5 Rxg3+ 52. Kb2
gxh5 53. Bxf5 h4 54. Be4 Kc5 55. Rg6 Rxg6 56. Bxg6 h3 57. Be4 Nf4 0-1

[Event "SR 3. liga A2 2011/2012"]
[Site "?"]
[Date "2012.01.22"]
[Round "7.4"]
[White "Kosar, Mikulas st"]
[Black "Mezei, Tibor"]
[Result "1/2-1/2"]
[WhiteElo "1766"]
[BlackElo "1628"]
[PlyCount "80"]
[EventDate "2011.??.??"]

1. e4 e6 2. d4 d5 3. exd5 exd5 4. Bd3 Nc6 5. Ne2 Nf6 6. O-O Bd6 7. c3 h6 8. Re1
O-O 9. Bf4 Be6 10. Bxd6 Qxd6 11. f3 Rae8 12. Nd2 Ne7 13. Ng3 c5 14. dxc5 Qxc5+
15. Kh1 Nc6 16. Nb3 Qd6 17. Qc2 Rc8 18. a3 Ne5 19. Bf5 Nc6 20. Rad1 Rfe8 21.
Bxe6 Rxe6 22. Nf5 Qd7 23. Nc5 Rxe1+ 24. Rxe1 Qc7 25. Nb3 Qd7 26. Nbd4 Re8 27.
Rxe8+ Qxe8 28. h3 Qe1+ 29. Kh2 Nxd4 30. Nxd4 Qe5+ 31. g3 Nh5 32. Qf2 Nf6 33.
Qe2 Qxe2+ 34. Nxe2 Kf8 35. b4 Ke7 36. Kg1 Nd7 37. a4 a6 38. a5 Kd6 39. Kf2 Nf8
40. Ke3 Ne6 1/2-1/2

[Event "SR 3. liga A2 2011/2012"]
[Site "?"]
[Date "2012.01.22"]
[Round "7.5"]
[White "Strakac, Petr"]
[Black "Pribila, Michal"]
[Result "0-1"]
[WhiteElo "2100"]
[BlackElo "2101"]
[PlyCount "74"]
[EventDate "2011.??.??"]

1. e4 c5 2. Nc3 Nc6 3. g3 g6 4. Bg2 Bg7 5. d3 Nf6 6. Bg5 d6 7. Qc1 e6 8. Nge2
a6 9. O-O O-O 10. f4 h6 11. Bh4 Qc7 12. Bxf6 Bxf6 13. f5 Kg7 14. Bh3 b5 15. Nf4
Nd4 16. fxg6 fxg6 17. Qd1 Qe7 18. Bg2 Rb8 19. h4 Be5 20. Nce2 Nxe2+ 21. Nxe2
Bxb2 22. Rb1 Be5 23. c3 Bd7 24. d4 Rxf1+ 25. Qxf1 cxd4 26. cxd4 Bf6 27. Qe1 Qd8
28. Qd2 Qb6 29. Kh2 e5 30. dxe5 Bxe5 31. Rf1 Be6 32. Nf4 Bc4 33. Rd1 Rf8 34.
Bf1 Qd8 35. Kh3 Qc8+ 36. Kg2 Qg4 37. Bxc4 Bxf4 0-1

[Event "SR 3. liga A2 2011/2012"]
[Site "?"]
[Date "2012.01.22"]
[Round "7.5"]
[White "Pribila, Gerhard"]
[Black "Hudacek, Josef"]
[Result "1/2-1/2"]
[WhiteElo "2036"]
[BlackElo "2046"]
[PlyCount "130"]
[EventDate "2011.??.??"]

1. e4 c5 2. c3 d5 3. exd5 Qxd5 4. d4 g6 5. Nf3 Bg7 6. Be3 cxd4 7. Bxd4 e5 8.
Bxe5 Qxd1+ 9. Kxd1 Nf6 10. Bb5+ Bd7 11. Bxd7+ Nbxd7 12. Bxf6 Bxf6 13. Re1+ Kf8
14. Nbd2 Rd8 15. Kc2 Nc5 16. Ne4 Nxe4 17. Rxe4 Kg7 18. Rd1 h6 19. Rxd8 Rxd8 20.
g3 Rd5 21. Nd4 Rh5 22. h4 Rd5 23. f4 a6 24. Nf3 Kf8 25. Ne5 Rd6 26. Re2 Kg7 27.
Ng4 Bd8 28. Re8 f6 29. Ne3 Kf7 30. Nc4 Rd7 31. Re2 b5 32. Rd2 Rxd2+ 33. Nxd2
Bb6 34. Kd3 Ke6 35. Ke4 Bf2 36. Kf3 Bb6 37. g4 Bd8 38. h5 gxh5 39. gxh5 Bb6 40.
Nf1 f5 41. Ng3 Bc5 42. Ke2 Bd6 43. Ke3 Bc5+ 44. Kd3 Bd6 45. Ne2 Kd5 46. b3 Bc7
47. c4+ bxc4+ 48. bxc4+ Ke6 49. Kd4 Bd6 50. c5 Bc7 51. Kc4 Bb8 52. a3 Bc7 53.
c6 Bd6 54. a4 Bc7 55. Kc5 Ke7 56. Nc3 Ke6 57. Nd5 Bd6+ 58. Kc4 Ba3 59. c7 Kd7
60. a5 Bd6 61. Kd4 Kc8 62. Kc4 Kd7 63. Kd4 Kc8 64. Kc4 Kb7 65. Kd4 Kc8 1/2-1/2

[Event "SR 3. liga A2 2011/2012"]
[Site "?"]
[Date "2012.01.22"]
[Round "7.5"]
[White "Vepy, Ivan"]
[Black "Fiser, Jiri"]
[Result "0-1"]
[WhiteElo "1948"]
[BlackElo "2130"]
[PlyCount "102"]
[EventDate "2011.??.??"]

1. e4 e6 2. d4 d5 3. exd5 exd5 4. Nf3 Bd6 5. Bd3 Ne7 6. O-O O-O 7. Bg5 f6 8.
Bh4 Bg4 9. Bg3 Ng6 10. h3 Be6 11. Re1 Bf7 12. Qd2 Bxg3 13. fxg3 Qd6 14. Qf2 Nc6
15. c3 Nce7 16. Nbd2 Rae8 17. Re2 Qd7 18. Rae1 Nc8 19. Nh2 Nd6 20. Ng4 f5 21.
Ne5 Nxe5 22. Rxe5 Ne4 23. Qf4 Rxe5 24. dxe5 Be6 25. Nf3 c5 26. Ng5 c4 27. Bc2
h6 28. Nxe4 dxe4 29. Rd1 Qb5 30. Rd6 Qxb2 31. Rxe6 Qxc2 32. Re7 Qxc3 33. Qh4
Qc1+ 34. Kh2 Qg5 35. Qxg5 hxg5 36. Rxb7 e3 37. Kg1 Re8 38. Kf1 Rxe5 39. Rc7 Ra5
40. Ke2 Rxa2+ 41. Kxe3 Rxg2 42. Kf3 Rh2 43. Rxc4 Rxh3 44. Kg2 Rh6 45. Rc8+ Kh7
46. Rc7 a6 47. Rc5 Rf6 48. Kf3 Kg6 49. Ra5 g4+ 50. Kf4 Re6 51. Rxf5 Rf6 0-1

[Event "SR 3. liga A2 2011/2012"]
[Site "?"]
[Date "2012.01.22"]
[Round "7.5"]
[White "Ambros, Rafael"]
[Black "Londin, Martin"]
[Result "1/2-1/2"]
[WhiteElo "2018"]
[BlackElo "1961"]
[PlyCount "47"]
[EventDate "2011.??.??"]

1. e4 e5 2. Nf3 Nc6 3. Bb5 a6 4. Ba4 Be7 5. c3 b5 6. Bc2 Nf6 7. O-O O-O 8. Qe2
d6 9. Rd1 Bb7 10. d3 Qd7 11. Nbd2 Qg4 12. h3 Qh5 13. Nf1 Nd7 14. Ng3 Qg6 15. a4
Nd8 16. d4 c6 17. Nf5 Re8 18. d5 Nb6 19. dxc6 Bxc6 20. a5 Nc8 21. b3 Ne6 22. g3
Ra7 23. Ba3 Nf4 24. Qf1 1/2-1/2

[Event "SR 3. liga A2 2011/2012"]
[Site "?"]
[Date "2012.01.22"]
[Round "7.5"]
[White "Kubis, Ivan"]
[Black "Kocak, Branislav"]
[Result "1-0"]
[WhiteElo "2002"]
[BlackElo "1914"]
[PlyCount "94"]
[EventDate "2011.??.??"]

1. e4 c5 2. Nf3 d6 3. d4 cxd4 4. Nxd4 Nf6 5. Nc3 a6 6. Bg5 e5 7. Bxf6 Qxf6 8.
Nd5 Qd8 9. Nf5 Bxf5 10. exf5 Be7 11. Qh5 Qa5+ 12. Nc3 b5 13. O-O-O Nd7 14. Kb1
Nf6 15. Qf3 O-O 16. g4 b4 17. Nd5 Nxd5 18. Rxd5 Qd8 19. Bd3 g6 20. Be4 Ra7 21.
h4 Rd7 22. h5 Bg5 23. hxg6 fxg6 24. Qb3 Kg7 25. Qxb4 Qb8 26. Qxb8 Rxb8 27. Rhd1
Be7 28. b3 Rc7 29. fxg6 hxg6 30. Ra5 Rb6 31. Rdd5 Bh4 32. Rd2 Bg5 33. Rd3 Bh4
34. Rad5 Be7 35. Rh3 Rb4 36. f3 Rc3 37. Bd3 e4 38. a3 Rbxb3+ 39. cxb3 exd3 40.
f4 Rxb3+ 41. Ka2 Rc3 42. Rhxd3 Rc4 43. R5d4 Rc6 44. Kb3 Bf6 45. Rxd6 Rc1 46. g5
Rb1+ 47. Kc2 Rb2+ 1-0

[Event "SR 3. liga A2 2011/2012"]
[Site "?"]
[Date "2012.01.22"]
[Round "7.5"]
[White "Valla, Tomas"]
[Black "Hrubsa, Marian"]
[Result "1/2-1/2"]
[WhiteElo "1846"]
[BlackElo "1929"]
[PlyCount "87"]
[EventDate "2011.??.??"]

1. e4 e6 2. d4 d5 3. Nc3 Nf6 4. e5 Nfd7 5. f4 c5 6. Nf3 Nc6 7. Be3 a6 8. Qd2
cxd4 9. Nxd4 Bc5 10. O-O-O Nxd4 11. Bxd4 b5 12. h4 Qa5 13. Kb1 Qb6 14. g4 Bxd4
15. Qxd4 Qxd4 16. Rxd4 Nb6 17. Bd3 Nc4 18. Bxc4 bxc4 19. b4 Bd7 20. Nd1 Ke7 21.
Rh3 Rhb8 22. a3 Rb7 23. Kb2 Ba4 24. Ne3 a5 25. c3 Bb3 26. Rh1 axb4 27. cxb4
Rxb4 28. axb4 Ra2+ 29. Kc3 Re2 30. Rh3 Kd7 31. Rd2 Re1 32. Rf3 Kc6 33. Nc2 Rc1
34. Kb2 Bxc2 35. Rxc2 Rd1 36. Rff2 Kb5 37. Rcd2 Rh1 38. Kc3 Rxh4 39. g5 Rh3+
40. Kd4 Rg3 41. Rh2 Rf3 42. Rhf2 Rg3 43. Rh2 Rf3 44. Rhf2 1/2-1/2

[Event "SR 3. liga A2 2011/2012"]
[Site "?"]
[Date "2012.01.22"]
[Round "7.5"]
[White "Vogl, Zdenek"]
[Black "Brunovsky, Peter"]
[Result "1/2-1/2"]
[WhiteElo "1928"]
[BlackElo "1809"]
[PlyCount "86"]
[EventDate "2011.??.??"]

1. e4 c6 2. d4 d5 3. Nc3 dxe4 4. Nxe4 Nf6 5. Nxf6+ gxf6 6. Nf3 Bg4 7. Be2 e6 8.
h3 Bf5 9. Nh4 Bg6 10. Nxg6 hxg6 11. c3 Bd6 12. Be3 Nd7 13. b4 Qc7 14. Qb3 f5
15. Bg5 Bf4 16. Bxf4 Qxf4 17. Qc2 O-O 18. g3 Qh6 19. Bf3 e5 20. dxe5 Rfe8 21.
Kf1 Nxe5 22. Kg2 Nxf3 23. Kxf3 Qh5+ 24. Kg2 Re2 25. Qd3 Rae8 26. Rad1 Rxa2 27.
Qc4 Qe2 28. Qf4 Qe4+ 29. Qxe4 Rxe4 30. Rd7 Ree2 31. Rf1 b6 32. Kf3 Rec2 33. Kf4
Rxf2+ 34. Rxf2 Rxf2+ 35. Kg5 Rf3 36. Kf6 f4 37. g4 Re3 38. Rxf7 f3 39. Rg7+ Kf8
40. Rxa7 f2 41. Ra8+ Re8 42. Ra1 Re1 43. Ra8+ Re8 1/2-1/2

[Event "SR 3. liga A2 2011/2012"]
[Site "?"]
[Date "2012.01.22"]
[Round "7.5"]
[White "Zajicek, Ferdinand"]
[Black "Berger, Patrik"]
[Result "1/2-1/2"]
[WhiteElo "1860"]
[BlackElo "1731"]
[PlyCount "58"]
[EventDate "2011.??.??"]

1. e4 c5 2. Nf3 Nc6 3. Nc3 d6 4. Bc4 e6 5. a3 Nf6 6. O-O Be7 7. d3 O-O 8. Ne2
d5 9. exd5 exd5 10. Ba2 Bg4 11. Bf4 Re8 12. Qd2 Qd7 13. c3 Bd6 14. Ng3 Bxf3 15.
gxf3 Ne5 16. Bxe5 Bxe5 17. Kg2 Qc7 18. Rae1 Bf4 19. Qc2 Re5 20. Rxe5 Qxe5 21.
Qd1 Re8 22. d4 cxd4 23. Qxd4 Qxd4 24. cxd4 g6 25. Bb1 Rc8 26. Ne2 Bd6 27. Nc3
Bc7 28. Ba2 Rd8 29. Re1 Kf8 1/2-1/2

[Event "SR 3. liga A2 2011/2012"]
[Site "?"]
[Date "2012.01.22"]
[Round "7.6"]
[White "Gasa, Andrej"]
[Black "Horak, Ivan"]
[Result "1/2-1/2"]
[WhiteElo "2257"]
[BlackElo "2073"]
[PlyCount "98"]
[EventDate "2011.??.??"]

1. e4 c5 2. Nf3 d6 3. d4 cxd4 4. Nxd4 Nf6 5. Nc3 a6 6. h3 g6 7. g4 h5 8. g5
Nfd7 9. Bg2 Bg7 10. Be3 Ne5 11. b3 O-O 12. O-O Nbc6 13. Nce2 Nxd4 14. Nxd4 Bd7
15. c4 Nc6 16. Qd2 Nxd4 17. Bxd4 Bxd4 18. Qxd4 Qa5 19. Qd5 Qb6 20. Rac1 Rac8
21. Qd2 Rfd8 22. Kh2 a5 23. f4 Qc5 24. Kh1 e6 25. Rcd1 Bc6 26. f5 Qe5 27. Qf4
Qxf4 28. Rxf4 exf5 29. exf5 Bxg2+ 30. Kxg2 Rc5 31. h4 gxf5 32. Kf3 Kg7 33. Rfd4
Re8 34. Rxd6 Re4 35. R6d5 Rxd5 36. Rxd5 Rxh4 37. Rxf5 b6 38. Rb5 Rh2 39. c5
bxc5 40. Rxa5 Rc2 41. Ra6 c4 42. bxc4 Rxc4 43. Rh6 h4 44. Ra6 Rc3+ 45. Kg4 h3
46. Rh6 Rc4+ 47. Kxh3 Ra4 48. Rb6 Rxa2 49. Kg4 Rg2+ 1/2-1/2

[Event "SR 3. liga A2 2011/2012"]
[Site "?"]
[Date "2012.01.22"]
[Round "7.6"]
[White "Kovarik, Oto"]
[Black "Sebesta, Radovan"]
[Result "0-1"]
[WhiteElo "2018"]
[BlackElo "2069"]
[PlyCount "116"]
[EventDate "2011.??.??"]

1. e4 c5 2. Nf3 Nc6 3. d4 cxd4 4. Nxd4 g6 5. Nxc6 bxc6 6. Qd4 Nf6 7. e5 Nd5 8.
c4 Nc7 9. e6 f6 10. exd7+ Bxd7 11. Nc3 e5 12. Qe3 Bg7 13. Be2 O-O 14. O-O Ne6
15. b3 Nd4 16. Bd3 Qc7 17. Ba3 Rfe8 18. Rac1 Rad8 19. Bc5 Bf5 20. Bxf5 Nxf5 21.
Qe4 Nd4 22. Rfe1 f5 23. Qe3 Rd7 24. Ne2 Nxe2+ 25. Rxe2 Red8 26. g3 e4 27. Rce1
Rd3 28. Qg5 Qf7 29. Qe7 Qxe7 30. Bxe7 R8d7 31. Bc5 a6 32. Be3 Kf7 33. h4 Bc3
34. Rc1 Bd2 35. Bxd2 Rxd2 36. Kf1 Ke6 37. Ke1 Rxe2+ 38. Kxe2 Ke5 39. Rc3 h6 40.
b4 Rb7 41. a3 Kd4 42. Kd2 c5 43. bxc5 Rb2+ 44. Rc2 Rxc2+ 45. Kxc2 Kxc5 46. Kb3
g5 47. Kc3 gxh4 48. gxh4 h5 49. Kb3 f4 50. Kc3 a5 51. a4 f3 52. Kd2 Kxc4 53.
Ke3 Kd5 54. Kf4 Kd4 55. Kg3 Kd3 56. Kh2 e3 57. Kg1 e2 58. Kh2 e1=Q 0-1

[Event "SR 3. liga A2 2011/2012"]
[Site "?"]
[Date "2012.01.22"]
[Round "7.6"]
[White "Palka, Miroslav"]
[Black "Sefcik, Marek"]
[Result "0-1"]
[WhiteElo "1953"]
[BlackElo "2016"]
[PlyCount "118"]
[EventDate "2011.??.??"]

1. c4 Nc6 2. Nc3 e5 3. g3 d6 4. Bg2 Be6 5. b3 g6 6. e3 Bg7 7. Nge2 Qd7 8. Nd5
Nd8 9. e4 c6 10. Ne3 Bh3 11. Bb2 Bxg2 12. Nxg2 Nf6 13. d3 O-O 14. O-O Qh3 15.
f3 c5 16. Nc3 Nc6 17. Nd5 Nxd5 18. cxd5 Nd4 19. Bxd4 cxd4 20. f4 f5 21. fxe5
dxe5 22. Qe2 fxe4 23. Qxe4 Qd7 24. Rxf8+ Rxf8 25. Rf1 Rd8 26. d6 Qc6 27. Qxc6
bxc6 28. Nh4 Rxd6 29. Nf3 c5 30. Nd2 h6 31. Ne4 Ra6 32. Rf2 Rc6 33. Rc2 Bf8 34.
Rc4 Ra6 35. Rc2 Be7 36. Kf2 Kf7 37. Kf3 Ke6 38. Rxc5 Rxa2 39. Rc6+ Kf7 40. Rc7
Ke6 41. Rc6+ Kf7 42. Rc7 a5 43. h3 Rb2 44. Nd6+ Ke6 45. Nc8 Bb4 46. Rc6+ Kd7
47. Na7 Rxb3 48. Ke4 a4 49. Rxg6 a3 50. Ra6 Bd6 51. Kd5 Bf8 52. Nc6 Rb5+ 53.
Ke4 Bd6 54. Na5 Rb2 55. Nc4 Bb4 56. Nxe5+ Ke8 57. Kxd4 Rc2 58. Ra8+ Ke7 59.
Nc6+ Rxc6 0-1

[Event "SR 3. liga A2 2011/2012"]
[Site "?"]
[Date "2012.01.22"]
[Round "7.6"]
[White "Chabada, Tomas"]
[Black "Lanik, Miroslav"]
[Result "1/2-1/2"]
[WhiteElo "1914"]
[BlackElo "1936"]
[PlyCount "39"]
[EventDate "2011.??.??"]

1. e4 c5 2. Nf3 d6 3. d4 cxd4 4. Nxd4 Nf6 5. Nc3 a6 6. Be3 e5 7. Nb3 Be6 8. f3
Nbd7 9. Qd2 b5 10. O-O-O Be7 11. g4 Nb6 12. Bxb6 Qxb6 13. Nd5 Bxd5 14. exd5 a5
15. Qd3 Rb8 16. Nd2 O-O 17. Ne4 Nxe4 18. Qxe4 Bg5+ 19. Kb1 Qe3 20. Bd3 1/2-1/2

[Event "SR 3. liga A2 2011/2012"]
[Site "?"]
[Date "2012.01.22"]
[Round "7.6"]
[White "Palka, Martin"]
[Black "Bilovsky, Milan"]
[Result "0-1"]
[WhiteElo "1876"]
[BlackElo "1891"]
[PlyCount "64"]
[EventDate "2011.??.??"]

1. e4 c5 2. Nf3 e6 3. d4 cxd4 4. Nxd4 Nc6 5. Nxc6 bxc6 6. Bd3 d5 7. Qe2 Ne7 8.
O-O Ng6 9. f4 Bc5+ 10. Kh1 O-O 11. Nd2 f5 12. e5 Be7 13. Nf3 c5 14. c3 a5 15.
Be3 Qc7 16. h3 Bd7 17. Kg1 a4 18. Nh2 Nh8 19. g4 g6 20. g5 Nf7 21. h4 h5 22.
gxh6 Bxh4 23. Nf3 Be7 24. Qh2 Kh7 25. Kg2 Rab8 26. Rab1 Rg8 27. Rh1 g5 28. Kf1
g4 29. Qh5 Rg6 30. Nh4 Bxh4 31. Rxh4 Bb5 32. Be2 Rxh6 0-1

[Event "SR 3. liga A2 2011/2012"]
[Site "?"]
[Date "2012.01.22"]
[Round "7.6"]
[White "Vach, Jozef"]
[Black "Gasa, Patrik"]
[Result "1/2-1/2"]
[WhiteElo "1861"]
[BlackElo "1727"]
[PlyCount "138"]
[EventDate "2011.??.??"]

1. e4 c5 2. Nf3 a6 3. d4 cxd4 4. Nxd4 Nf6 5. Nc3 e5 6. Nb3 Bb4 7. Qd3 d5 8. Bd2
d4 9. Ne2 Bxd2+ 10. Nxd2 O-O 11. Ng3 Be6 12. Be2 Nc6 13. a3 b5 14. O-O Na5 15.
h3 Nc4 16. Rab1 Qa5 17. Nb3 Qb6 18. Rfd1 Rac8 19. Qf3 Rfd8 20. Bd3 Nd6 21. Nd2
Nc4 22. Nb3 a5 23. Nf5 Bxf5 24. Qxf5 Re8 25. Nd2 Nxd2 26. Rxd2 b4 27. axb4 Qxb4
28. Rdd1 Qc5 29. Re1 Rb8 30. Qf3 a4 31. Qe2 Re6 32. Ra1 Reb6 33. Rxa4 Rxb2 34.
Rc4 Qa5 35. Kh2 h6 36. Rd1 R2b6 37. Qf1 Qa3 38. Ra1 Qd6 39. Rca4 Nd7 40. Ra6
Nc5 41. R6a2 Kh8 42. Qe2 f5 43. f3 Rf8 44. g3 fxe4 45. Bxe4 Nxe4 46. Qxe4 Rc6
47. Re1 Rc5 48. Re2 Rc3 49. Ra8 Rc5 50. Rxf8+ Qxf8 51. Kg2 Rc3 52. Qd5 Rc5 53.
Qe4 Rc3 54. Qd5 Qf6 55. Qa8+ Kh7 56. Qe4+ Kg8 57. Qb7 Qg6 58. Qd5+ Kh7 59. Qxe5
Rxc2 60. Rxc2 Qxc2+ 61. Kf1 Qd1+ 62. Kf2 Qc2+ 63. Kf1 Qc1+ 64. Ke2 Qc2+ 65. Kf1
Qd1+ 66. Kf2 Qc2+ 67. Kf1 Qc3 68. Qe4+ Kg8 69. Qe8+ Kh7 1/2-1/2

[Event "SR 3. liga A2 2011/2012"]
[Site "?"]
[Date "2012.01.22"]
[Round "7.6"]
[White "Fidericky, Milan"]
[Black "Husek, Lubomir"]
[Result "0-1"]
[WhiteElo "1843"]
[BlackElo "1768"]
[PlyCount "92"]
[EventDate "2011.??.??"]

1. d4 d5 2. f4 Nf6 3. Nf3 Bf5 4. e3 e6 5. Bd3 Bxd3 6. Qxd3 c6 7. O-O Be7 8. c4
O-O 9. Nc3 a6 10. Ne5 dxc4 11. Qxc4 Nbd7 12. b3 Nb6 13. Qe2 Nbd5 14. Nxd5 cxd5
15. Bb2 Rc8 16. Rac1 Qa5 17. Rxc8 Rxc8 18. Rc1 Rxc1+ 19. Bxc1 Ne4 20. Kf1 Qc7
21. Bb2 Bb4 22. Nd3 Bd2 23. Nf2 Nxf2 24. Qxd2 Ne4 25. Qd3 h6 26. Ke2 b5 27. Kf3
Qc6 28. Ba3 a5 29. Bb2 b4 30. g3 g6 31. Ke2 a4 32. bxa4 Qxa4 33. a3 bxa3 34.
Bxa3 Qa5 35. Bb2 Qa2 36. Qa3 Qb1 37. Qb3 Qh1 38. Qb8+ Kh7 39. Qb4 Qg2+ 40. Kd3
Qxh2 41. Bc1 Nxg3 42. Qf8 Qe2+ 43. Kc3 Ne4+ 44. Kb3 Qc4+ 45. Kb2 Qc3+ 46. Ka2
Qc2+ 0-1

[Event "SR 3. liga A2 2011/2012"]
[Site "?"]
[Date "2012.01.22"]
[Round "7.6"]
[White "Hrubos, Milan"]
[Black "Havlicek, Peter"]
[Result "0-1"]
[WhiteElo "1790"]
[BlackElo "1808"]
[PlyCount "52"]
[EventDate "2011.??.??"]

1. e4 c5 2. Nf3 d6 3. d4 cxd4 4. Nxd4 Nc6 5. Nc3 a6 6. Be2 Nf6 7. Be3 e6 8. O-O
Be7 9. Qd2 O-O 10. a3 Qc7 11. f4 Rb8 12. f5 b5 13. fxe6 fxe6 14. b4 Nxd4 15.
Bxd4 Bb7 16. Bf3 Rbc8 17. e5 dxe5 18. Bxb7 Qxb7 19. Bxe5 Ng4 20. Rxf8+ Rxf8 21.
Qd4 Nxe5 22. Qxe5 Qb6+ 23. Kh1 Bf6 24. Qe1 Qc6 25. Ne2 Bxa1 26. Qxa1 Rf2 0-1

[Event "SR 3. liga A2 2011/2012"]
[Site "?"]
[Date "2012.02.05"]
[Round "8.1"]
[White "Danada, Tomas"]
[Black "Sosna, Jan"]
[Result "0-1"]
[WhiteElo "2062"]
[BlackElo "2398"]
[PlyCount "72"]
[EventDate "2011.??.??"]

1. d4 d5 2. c4 e6 3. Nc3 c6 4. cxd5 exd5 5. Qc2 Bd6 6. Nf3 Ne7 7. Bg5 f6 8. Bh4
Bf5 9. Qd2 Nd7 10. e3 O-O 11. Bg3 Nb6 12. Be2 Ng6 13. Bxd6 Qxd6 14. h4 Ne7 15.
h5 h6 16. Nh4 Bh7 17. Bd3 Bxd3 18. Qxd3 a5 19. Rh3 a4 20. Rg3 f5 21. Ne2 Nc4
22. Rb1 Qf6 23. Nf3 Rfe8 24. Nd2 Nxd2 25. Qxd2 Qh4 26. Qc2 Qxh5 27. Nf4 Qf7 28.
Kd2 Nc8 29. Rh1 Nd6 30. Rg6 Ne4+ 31. Ke1 Kf8 32. Qe2 Rad8 33. g4 Rd6 34. gxf5
Qxf5 35. Rh5 Qf7 36. Qg4 Nf6 0-1

[Event "SR 3. liga A2 2011/2012"]
[Site "?"]
[Date "2012.02.05"]
[Round "8.1"]
[White "Sebesta, Radovan"]
[Black "Vach, Pavol"]
[Result "1/2-1/2"]
[WhiteElo "2069"]
[BlackElo "2103"]
[PlyCount "49"]
[EventDate "2011.??.??"]

1. d4 e6 2. c4 d5 3. Nc3 Nf6 4. cxd5 exd5 5. Bg5 c6 6. e3 Bf5 7. Qf3 Bg6 8.
Bxf6 gxf6 9. Nh3 Bb4 10. Be2 Nd7 11. O-O Qe7 12. Nf4 O-O-O 13. Rfc1 Kb8 14.
Nxg6 hxg6 15. Bd3 f5 16. a3 Bd6 17. h3 Nf6 18. b4 Ne4 19. Bxe4 fxe4 20. Qe2 Qg5
21. Kf1 a6 22. Qb2 Qe7 23. Rcb1 b5 24. a4 Kb7 25. Qb3 1/2-1/2